000 00453nam a2200145 4500
001 127550
003 ES-MaACL
007 t|
008 070214s1903 xxk r ||||1| eng d
100 1 _aRitchie, David G.
_997479
245 1 0 _aNatural rights
_b: a criticism of some political and ethical conceptions /
_cby David G. Ritchie.
260 _aLondon :
_bGeorge Allen and Unwin,
_c1903.
300 _a5, 304 p. ;
_c23 x 15 cm.
852 _aES-MaACL
_jG-389
999 _c127550
_d127550